Najludniejsze regiony Europy - Statystyki

Ogólne statystyki
  • Ten quiz został rozwiązany 282 razy
    281 od ostatniego zresetowania
  • Średni wynik to 2 z 10
Statystyki odpowiedzi
lp. Populacja Region % Poprawnych
6 12 604 000 Bawaria
86%
1 55 268 100 Anglia
48%
8 9 475 202 Lombardia
38%
3 17 865 516 Nadrenia Północna-Westfalia
22%
9 8 384 408 Andaluzja
19%
10 7 774 253 Dolna Saksonia
9%
2 37 142 300 Centralny Okręg Federalny
2%
4 16 367 949 Południowy Okręg Federalny
1%
7 10 673 000 Bademia-Wirtembergia
0%
5 14 282 900 Północno-Zachodni Okręg Federalny
0%
Nie znaleziono quizów pasujących do podanych kryteriów
Rozkład punktacji
Procent ludzi z każdym wynikiem
Percentyl według liczby udzielonych odpowiedzi
Twoja historia wyników
Nie rozwiązałeś tego quizu od ostatniego zresetowania